Vienna Movies by Picture - Statistics

General Stats
  • This quiz has been taken 159 times
  • The average score is 4 of 16
Answer Stats
Picture Answer % Correct
Amadeus
85%
Mission: Impossible – Rogue Nation
59%
Marie-Antoinette
56%
Before Sunrise
51%
The Living Daylights
39%
Sissi
33%
The Third Man
32%
Black Panther
20%
The Piano Teacher
19%
The Nutcracker in 3D
18%
The Night Porter
8%
The Seven-Per-Cent Solution
8%
Woman in Gold
6%
Letter from an Unknown Woman
4%
Museum Hours
4%
The Cardinal
2%
No matching quizzes found
Score Distribution
Percent of People with Each Score
Percentile by Number Answered
Your Score History
You have not taken this quiz